Trendy rozvoje a strukturální změny strojírenské výrobní techniky a automatizace ve strojírenství

Gespeichert in:
Bibliographische Detailangaben
Hauptverfasser: Červenková, Alena (Verfasst von), Ptáček, Vladimír (Verfasst von), Sidorin, Evžen (Verfasst von)
Format: Buch
Sprache:Tschechisch
Veröffentlicht: Praha : ÚVTEI, 1985
Tags: Tag hinzufügen
Keine Tags, Fügen Sie das erste Tag hinzu!

MARC

LEADER 00000nam a22000003a 4500
001 stu144854
005 20150617225953.8
008 070906s1985----cs------------------cze-d
040 |a STU  |b slo 
041 0 |a cze 
044 |a cs 
100 1 |a Červenková, Alena  |4 aut 
245 1 |a Trendy rozvoje a strukturální změny strojírenské výrobní techniky a automatizace ve strojírenství 
260 |a Praha :  |b ÚVTEI,  |c 1985 
300 |a 55 s 
700 1 |a Ptáček, Vladimír  |4 aut 
700 1 |a Sidorin, Evžen  |4 aut 
996 |b 284M065786  |c M*288-1  |l MMKN  |s A  |a 24  |w stu144854_0001